<?xml version="1.0" encoding="UTF-8"?>
<record
    xmlns:xsi="http://www.w3.org/2001/XMLSchema-instance"
    xsi:schemaLocation="http://www.loc.gov/MARC21/slim http://www.loc.gov/standards/marcxml/schema/MARC21slim.xsd"
    xmlns="http://www.loc.gov/MARC21/slim">

  <leader>00796nam a22001217a 4500</leader>
  <datafield tag="040" ind1=" " ind2=" ">
    <subfield code="c">RUA</subfield>
  </datafield>
  <datafield tag="100" ind1=" " ind2=" ">
    <subfield code="a">SUM SAMEAS. &#x179F;&#x17CA;&#x17BB;&#x1798; &#x179F;&#x17B6;&#x1798;&#x17B6;&#x179F;</subfield>
  </datafield>
  <datafield tag="245" ind1=" " ind2=" ">
    <subfield code="a">ANTIMICROBIAL RESISTANCE PROFILE OF ENTERCOCCUS DOGS AT VETERINARY TEACHING HOSPITAL OF FACULTY OF VETERINARY MEDICINE AT RPYAL UNIVERSITY OF AGRICULTURE. &#x179F;&#x17BB;&#x17B6;&#x17C6;&#x1793;&#x17B9;&#x1784;&#x17AA;&#x179F;&#x1790;&#x17A2;&#x1784;&#x17CB;&#x1791;&#x17B8;&#x1794;&#x17CA;&#x17B8;&#x1799;&#x17C9;&#x17BC;&#x1791;&#x17B7;&#x1780;&#x179B;&#x17BE;&#x179F;&#x17BB;&#x1793;&#x1781;&#x1793;&#x17C5;&#x1798;&#x1793;&#x17D2;&#x1791;&#x17B8;&#x179A;&#x1796;&#x17C1;&#x1791;&#x17D2;&#x1799;&#x1793;&#x17C3;&#x1798;&#x17A0;&#x17B6;&#x179C;&#x17B7;&#x1791;&#x17D2;&#x1799;&#x17B6;&#x179B;&#x17CF;&#x1799;&#x179C;&#x17C1;&#x1787;&#x17D2;&#x1787;&#x179F;&#x17B6;&#x179F;&#x17D2;&#x178F;&#x17D2;&#x179A;&#x179F;&#x178F;&#x17D2;&#x179C;&#x179F;&#x17B6;&#x179B;&#x1780;&#x179C;&#x17B7;&#x1791;&#x17D2;&#x1799;&#x17B6;&#x179B;&#x17D0;&#x1799;&#x1797;&#x17BC;&#x1798;&#x17B7;&#x1793;&#x17D2;&#x1791;&#x1780;&#x179F;&#x17B7;&#x1780;&#x1798;&#x17D2;&#x1798;</subfield>
  </datafield>
  <datafield tag="260" ind1=" " ind2=" ">
    <subfield code="a">Phnom Penh</subfield>
    <subfield code="b">RUA</subfield>
    <subfield code="c">2020</subfield>
  </datafield>
  <datafield tag="300" ind1=" " ind2=" ">
    <subfield code="a">IX.37P</subfield>
    <subfield code="b">VII.</subfield>
    <subfield code="c">29CM</subfield>
  </datafield>
  <datafield tag="856" ind1=" " ind2=" ">
    <subfield code="u">https://drive.google.com/file/d/19kCBs3PgszoNWwMn_eOr8nX8k6lyDQgo/view?usp=sharing</subfield>
  </datafield>
  <datafield tag="942" ind1=" " ind2=" ">
    <subfield code="c">VEM</subfield>
  </datafield>
  <datafield tag="999" ind1=" " ind2=" ">
    <subfield code="c">21822</subfield>
    <subfield code="d">21822</subfield>
  </datafield>
  <datafield tag="952" ind1=" " ind2=" ">
    <subfield code="0">0</subfield>
    <subfield code="1">0</subfield>
    <subfield code="2">ddc</subfield>
    <subfield code="4">0</subfield>
    <subfield code="6">VEM_SUM_2020_000000000000000_B1_530_OR</subfield>
    <subfield code="7">0</subfield>
    <subfield code="9">95050</subfield>
    <subfield code="a">LBB</subfield>
    <subfield code="b">LBB</subfield>
    <subfield code="c">B1.530</subfield>
    <subfield code="d">2023-09-05</subfield>
    <subfield code="l">2</subfield>
    <subfield code="o">VEM SUM 2020 B1.530 Or.</subfield>
    <subfield code="p">a73387</subfield>
    <subfield code="r">2024-07-17</subfield>
    <subfield code="s">2024-07-10</subfield>
    <subfield code="w">2023-09-05</subfield>
    <subfield code="y">VEM</subfield>
  </datafield>
  <datafield tag="952" ind1=" " ind2=" ">
    <subfield code="0">0</subfield>
    <subfield code="1">0</subfield>
    <subfield code="2">ddc</subfield>
    <subfield code="4">0</subfield>
    <subfield code="6">VEM_SUM_2020_000000000000000_B1_530_OR</subfield>
    <subfield code="7">0</subfield>
    <subfield code="9">95051</subfield>
    <subfield code="a">LBB</subfield>
    <subfield code="b">LBB</subfield>
    <subfield code="c">B1.530</subfield>
    <subfield code="d">2023-09-05</subfield>
    <subfield code="o">VEM SUM 2020 B1.530 Or.</subfield>
    <subfield code="p">a73237</subfield>
    <subfield code="r">2023-09-05</subfield>
    <subfield code="w">2023-09-05</subfield>
    <subfield code="y">VEM</subfield>
  </datafield>
  <datafield tag="952" ind1=" " ind2=" ">
    <subfield code="0">0</subfield>
    <subfield code="1">0</subfield>
    <subfield code="2">ddc</subfield>
    <subfield code="4">0</subfield>
    <subfield code="6">VEM_SUM_2020_000000000000000_B1_530_OR</subfield>
    <subfield code="7">0</subfield>
    <subfield code="9">95052</subfield>
    <subfield code="a">LBB</subfield>
    <subfield code="b">LBB</subfield>
    <subfield code="c">B1.530</subfield>
    <subfield code="d">2023-09-05</subfield>
    <subfield code="o">VEM SUM 2020 B1.530 Or.</subfield>
    <subfield code="p">a73397</subfield>
    <subfield code="r">2023-09-05</subfield>
    <subfield code="w">2023-09-05</subfield>
    <subfield code="y">VEM</subfield>
  </datafield>
  <datafield tag="952" ind1=" " ind2=" ">
    <subfield code="0">0</subfield>
    <subfield code="1">0</subfield>
    <subfield code="2">ddc</subfield>
    <subfield code="4">0</subfield>
    <subfield code="6">VEM_SUM_2020_000000000000000_B1_530_OR</subfield>
    <subfield code="7">0</subfield>
    <subfield code="9">95053</subfield>
    <subfield code="a">LBB</subfield>
    <subfield code="b">LBB</subfield>
    <subfield code="c">B1.530</subfield>
    <subfield code="d">2023-09-05</subfield>
    <subfield code="o">VEM SUM 2020 B1.530 Or.</subfield>
    <subfield code="p">a73392</subfield>
    <subfield code="r">2023-09-05</subfield>
    <subfield code="w">2023-09-05</subfield>
    <subfield code="y">VEM</subfield>
  </datafield>
  <datafield tag="952" ind1=" " ind2=" ">
    <subfield code="0">0</subfield>
    <subfield code="1">0</subfield>
    <subfield code="2">ddc</subfield>
    <subfield code="4">0</subfield>
    <subfield code="6">VEM_SUM_2020_000000000000000_B1_530_OR</subfield>
    <subfield code="7">0</subfield>
    <subfield code="9">95054</subfield>
    <subfield code="a">LBB</subfield>
    <subfield code="b">LBB</subfield>
    <subfield code="c">B1.530</subfield>
    <subfield code="d">2023-09-05</subfield>
    <subfield code="o">VEM SUM 2020 B1.530 Or.</subfield>
    <subfield code="p">a73242</subfield>
    <subfield code="r">2023-09-05</subfield>
    <subfield code="w">2023-09-05</subfield>
    <subfield code="y">VEM</subfield>
  </datafield>
</record>
